Avances de investigación en derecho y ciencias sociales : XVI Jornadas de investigadores y becarios en ciencias jurídicas y sociales /
Guardado en:
| Formato: | Libro |
|---|---|
| Idioma: | Spanish |
| Publicado: |
Mar del Plata :
Universidad Nacional de Mar del Plata,
2010
|
| Edición: | 11a. ed. |
| Materias: | |
| Etiquetas: |
Agregar Etiqueta
Sin Etiquetas, Sea el primero en etiquetar este registro!
|
| LEADER | 00677nam a22001815a 4500 | ||
|---|---|---|---|
| 001 | DER.der010317 | ||
| 008 | 180615s2010####|||||||||||||||||#||spa|| | ||
| 005 | 20241128085555.0 | ||
| 245 | 1 | 0 | |a Avances de investigación en derecho y ciencias sociales : |b XVI Jornadas de investigadores y becarios en ciencias jurídicas y sociales / |c dirigido por Luis Pablo Slavin. |
| 250 | |a 11a. ed. | ||
| 260 | |a Mar del Plata : |b Universidad Nacional de Mar del Plata, |c 2010 | ||
| 300 | |a 458 p. | ||
| 020 | |a 9789875443655 | ||
| 700 | 1 | |a Slavin, Luis Pablo, |e dir. | |
| 650 | 7 | |a DERECHOS HUMANOS | |
| 650 | 7 | |a DERECHO AMBIENTAL | |
| 650 | 7 | |a POLITICA ECONOMICA | |
| 859 | |a DERECHO |b BIB. DERECHO |h 340 |i AVA |p 006417 | ||
